01325agaaa2200277 45000010005000000030009000050050017000140070009000310080040000400400023000800410013001031000048001161300032001642450163001962500022003592600113003813000033004945080119005275200116006465380016007625460013007786500075007917000059008667000060009257000062009859645IT-RoPAU20220918181229.0d cvaizq50131s9999||||xx ||| | || ||und|| aIT-RoPAUcIT-RoPAU aITALIANO aMungiardi RitagCodice regista SPICS: 39842 a...UNA VITA PER IMMAGINI... a...UNA VITA PER IMMAGINI...cSceneggiatura: Coassin Gabriele -- Diretto da: Mungiardi Ritap...UNA VITA PER IMMAGINI... (Rif. Codice opera principale : B9645) aEdizione Standard aROMA (ITALIA)bFIGLIE DELLA CHIESA / Distribuzione: BLOW UPg"1993 (1° ed.: 1993 ; Ed. Lingua Orig.: 1993)" aVHSbsonoro, col.c28 minuti a"Fotografia: Procopio Enzo; Montaggio: Vertieri Remo; Musica: De Luca Giuseppe; Sceneggiatura: Coassin Gabriele; " aVITA DI MARIA OLIVA BONALDO FONDATRICE DELLA CONGREGAZIONE DELLE FIGLIE DELLA CHIESA. DOCUMENTARIO VOCAZIONALE. aPAL, STEREO aITALIANO aDOCUMENTARIOeTV-PROGRAMMI RELIGIOSI [VHS]xCodice MATERIA SPICS: 9963 aDe Luca Giuseppee(musica)gCodice Musica SPICS: 39843 aMungiardi Rita e(regista)gCodice regista SPICS: 39842 aMungiardi Rita e(soggetto)gCodice Soggetto SPICS: 39842